[Event "ROM-ch"]
[Site "Sarata Monteoru"]
[Date "2012.02.17"]
[Round "6"]
[White "Mihalea, Stefan"]
[Black "Moldoveanu, Paul"]
[Result "0-1"]
[WhiteElo "1723"]
[BlackElo "1859"]
[PlyCount "119"]
[EventDate "2012.02.13"]
[EventType "swiss"]
[EventRounds "11"]
[EventCountry "ROU"]
[SourceTitle "CBM 147 Extra"]
[Source "ChessBase"]
[SourceDate "2012.04.24"]
[SourceVersion "1"]
[SourceVersionDate "2012.04.24"]
[SourceQuality "1"]

1. e4 e5 2. Bc4 Nf6 3. Nf3 Nc6 4. d4 d6 5. dxe5 dxe5 6. Qxd8+ Nxd8 7. Nc3 Bd6 8. Bg5 0-0 9. Bxf6 gxf6 10. Nh4 Bb4 11. 0-0 Bxc3 12. bxc3 Be6 13. Bd3 c5 14. c4 Nc6 15. a3 Rad8 16. f4 Na5 17. f5 Bxc4 18. Rf3 Kh8 19. g4 Rg8 20. Rg3 Rd6 21. Rb1 b6 22. h3 h6 23. Kf2 Rgd8 24. Ke2 Bxd3+ 25. cxd3 c4 26. dxc4 Rd2+ 27. Ke1 Nxc4 28. Nf3 Ra2 29. Rc1 b5 30. Rc3 Rxa3 31. Rxa3 Nxa3 32. Nxe5 Nc2+ 33. Ke2 fxe5 34. g5 hxg5 35. Rxg5 Rd4 36. f6 Rd6 37. Rh5+ Kg8 38. Rg5+ Kf8 39. Rxe5 Rxf6 40. Rc5 Na3 41. h4 Rb6 42. h5 Kg7 43. Kd2 a5 44. Kc1 a4 45. Kb2 Nc4+ 46. Ka2 Nd2 47. e5 b4 48. Kb2 a3+ 49. Kc2 b3+ 50. Kxd2 b2 51. e6 Rxe6 52. Rg5+ Kh6 53. Kc2 Kxg5 54. h6 Kxh6 55. Kb1 f5 56. Ka2 f4 57. Kb1 f3 58. Ka2 f2 59. Kxa3 b1Q 60. Ka4 0-1

[Event "ROM-ch"]
[Site "Sarata Monteoru"]
[Date "2012.02.13"]
[Round "1"]
[White "Moldoveanu, Paul"]
[Black "Posedaru, Bogdan Stefan"]
[Result "0-1"]
[WhiteElo "1859"]
[BlackElo "2337"]
[PlyCount "110"]
[EventDate "2012.02.13"]
[EventType "swiss"]
[EventRounds "11"]
[EventCountry "ROU"]
[SourceTitle "CBM 147 Extra"]
[Source "ChessBase"]
[SourceDate "2012.04.24"]
[SourceVersion "1"]
[SourceVersionDate "2012.04.24"]
[SourceQuality "1"]

1. e4 c5 2. Nf3 Nc6 3. d4 cxd4 4. Nxd4 Qb6 5. Nb3 Nf6 6. Nc3 e6 7. Be3 Qc7 8. g3 a6 9. Bg2 d6 10. 0-0 Be7 11. Qe2 0-0 12. Rad1 b5 13. a3 Rb8 14. f4 b4 15. axb4 Nxb4 16. Rd2 Nd7 17. Qf2 Nb6 18. Na5 d5 19. Kh1 dxe4 20. Nxe4 N6d5 21. Nb3 Nxe3 22. Qxe3 Nxc2 23. Qf2 Rxb3 24. Rxc2 Qb8 25. Rb1 Bb7 26. Nd2 Rb5 27. Bxb7 Qxb7+ 28. Qg2 Qxg2+ 29. Kxg2 Rfb8 30. Nc4 Bf6 31. Kf3 Rb3+ 32. Ke2 h5 33. Kd2 h4 34. Ra1 hxg3 35. hxg3 Rxg3 36. Rxa6 Rd8+ 37. Rd6 Rxd6+ 38. Nxd6 Rg2+ 39. Kd3 Rxc2 40. Kxc2 Be7 41. Nc8 Bb4 42. Kd3 Kh7 43. Na7 Bd6 44. Ke4 f5+ 45. Kf3 e5 46. fxe5 Bxe5 47. b4 g5 48. Nc6 g4+ 49. Ke3 f4+ 50. Ke4 f3 51. Ke3 Bc7 52. Kf2 Kg6 53. Ne7+ Kg5 54. Nd5 Bd6 55. Kf1 g3 0-1

[Event "ROM-ch op"]
[Site "Sarata Monteoru"]
[Date "2011.02.17"]
[Round "7"]
[White "Dobrea, Eugen"]
[Black "Moldoveanu, Paul"]
[Result "1-0"]
[WhiteElo "1761"]
[BlackElo "1924"]
[PlyCount "72"]
[EventDate "2011.02.12"]
[EventType "swiss"]
[EventRounds "11"]
[EventCountry "ROU"]
[SourceTitle "EXT 2013"]
[Source "ChessBase"]
[SourceDate "2012.11.22"]
[SourceVersion "1"]
[SourceVersionDate "2012.11.22"]
[SourceQuality "1"]

1. d4 d5 2. Nf3 Nf6 3. c4 c6 4. g3 e6 5. Bg2 Bb4+ 6. Bd2 Bxd2+ 7. Qxd2 Ne4 8. Qc2 Qa5+ 9. Nc3 Nxc3 10. bxc3 Nd7 11. 0-0 0-0 12. Rfe1 dxc4 13. a4 Rb8 14. Nd2 Qc7 15. Nxc4 b6 16. e4 Bb7 17. e5 c5 18. Bxb7 Qxb7 19. Nd6 Qc7 20. Qa2 Rfd8 21. f4 Nf8 22. Rf1 g6 23. Rad1 Rxd6 24. exd6 Qxd6 25. d5 Rd8 26. dxe6 Qxe6 27. Qxe6 Nxe6 28. Rxd8+ Nxd8 29. Rd1 Ne6 30. Rd7 a6 31. Rd6 b5 32. a5 b4 33. cxb4 cxb4 34. Rb6 Nd4 35. Rxa6 Nb3 36. Ra8+ Kg7 1-0

[Event "ROM-ch op"]
[Site "Sarata Monteoru"]
[Date "2011.02.13"]
[Round "2"]
[White "Moldoveanu, Paul"]
[Black "Palamar, Theodor"]
[Result "1/2-1/2"]
[WhiteElo "1924"]
[BlackElo "1772"]
[PlyCount "54"]
[EventDate "2011.02.12"]
[EventType "swiss"]
[EventRounds "11"]
[EventCountry "ROU"]
[SourceTitle "CBM 140 Extra"]
[Source "ChessBase"]
[SourceDate "2011.03.01"]
[SourceVersion "1"]
[SourceVersionDate "2011.03.01"]
[SourceQuality "1"]

1. e4 c5 2. Nf3 d6 3. d4 cxd4 4. Nxd4 Nf6 5. Nc3 a6 6. Be2 e5 7. Nb3 Be7 8. Be3 Be6 9. 0-0 Qc7 10. Bf3 0-0 11. a4 Nbd7 12. g4 Nc5 13. Nxc5 dxc5 14. g5 Rad8 15. Qe2 Nd7 16. Nd5 Bxd5 17. exd5 f5 18. gxf6 Nxf6 19. c4 Bd6 20. Bg4 Nxg4 21. Qxg4 Rf6 22. Qh3 Rdf8 23. Kh1 Qf7 24. Rg1 Kh8 25. Rg5 Rg6 26. Rag1 Rxg5 27. Rxg5 a5 1/2-1/2